Łatwa geografia - prawda czy fałsz #1 - Statystyki

Ogólne statystyki
  • Ten quiz został rozwiązany 6 799 razy
  • Średni wynik to 14 z 15
Statystyki odpowiedzi
Zagadnienie Odpowiedź % Poprawnych
Jest takie państwo, które nazywa się Czad Prawda
98%
Flaga Kanady ma liść klonu Prawda
98%
Najwyższa góra świata znajduje się w Stanach Zjednoczonych Fałsz
97%
Chiny mają większą populacje niż Stany Zjednoczone Prawda
97%
Ponad połowę powierzchni Ziemi pokrywa woda Prawda
97%
Egipt leży w północnej Afryce Prawda
96%
Większa część wyspy Grenlandia pokryta jest bujnymi lasami i łąkami, dlatego nazywa się ją Grenlandią Fałsz
95%
Jest państwo, którego nazwa różni się tylko jedną literą od Iranu Prawda
95%
Rosja rozciąga się bardziej ze wschodu na zachód niż z północy na południe Prawda
95%
Przeciętny lot samolotem z Paryża do Londynu zajmuje około 5 lub 6 godzin Fałsz
90%
Bombaj jest stolicą Indii Fałsz
88%
Językiem urzędowym Brazylii jest hiszpański Fałsz
85%
W niektórych latach Amazonka całkowicie wysycha Fałsz
82%
Więcej ludzi żyje na północ od równika niż na południe od niego Prawda
82%
Szkocja jest częścią Anglii Fałsz
66%
Nie znaleziono quizów pasujących do podanych kryteriów
Rozkład punktacji
Procent ludzi z każdym wynikiem
Percentyl według liczby udzielonych odpowiedzi
Twoja historia wyników
Nie rozwiązałeś tego quizu